LEADER 00708nam a2200181 i 4500 001 000000025235 003 CaOOAMICUS 005 20180830125446.0 008 180830s1858 it u000 u ita u 040 $aSeMil$bita 245 10$aVersi editi ed inediti del cavaliere Andrea Maffei. 260 $aFirenze :$bLe Monnier,$c1858-1860. 300 $a3 v. ;$c19 cm. 500 $aPosseduto solo il vol. 3. 700 1 $aMaffei, Andrea,$d<1798-1885>.$0(OLS)http://semarc/name/11162 774 0 $aMaffei, Andrea <1798-1885>$tGemme straniere.$g3$w()75990 996 $6245$aVersi editi ed inediti del cavaliere Andrea Maffei$9(OLS)http://semarc/title/33983 996 $6260$aFirenze :$bLe Monnier$9(OLS)http://semarc/publisher/30060 LEADER 01009nam a2200229 i 4500 001 000000046037 003 CaOOAMICUS 005 20090727000000.0 008 090727s1942 it u000 u ita u 013 $a17207 040 $aSeMil$bita 100 1 $aFrancescon, Clemente M.$0(OLS)http://semarc/name/22891 245 10$aChiesa e stato nei consulti di fra Paolo Sarpi /$cClemente Francescon M. 260 $aVicenza :$bSocietà Anonima Tipografica,$c1942. 300 $a270 p. :$b[1] ritr. ;$c25 cm. 500 $aIn mezzo al front. : in usum privatum, pro manuscripto. 600 14$aSarpi, Paolo .$0(OLS)http://semarc/subject/9799 650 4$aChiesa e Stato.$0(OLS)http://semarc/subject/1242 850 $aSeMil 852 $aSeMil$W1$xVenegono$y1$m2A III 152$j12192$B12192$CSeMilBibl$Z2$F12192 $81 996 $6245$aChiesa e stato nei consulti di fra Paolo Sarpi$9(OLS)http://semarc/title/68670 996 $6260$aVicenza :$bSocietà Anonima Tipografica$9(OLS)http://semarc/publisher/32976